000 00473nam a2200205Ia 4500
003 OSt
005 20230403113457.0
008 210423s1977 xx 000 0 und d
020 _a0-330-25301-8
040 _cAL
041 _aeng
082 _a973.0496
_223
_bHALR
100 _aHALEY (Alex)
_982514
245 _aRoots
260 _aLondon
_bPan Book Ltd
_c1977
300 _a688
_bPB
650 _aHistory of America
_982515
906 _aRoots
942 _2ddc
_cBK
999 _c169087
_d169087